000 01020nam0a22002531 4500
001 rc\388786
005 20250621065706.0
035 _a(NLR Aleph) 005638812
090 _a6646611
_c6646611
100 _a20030616d1989 |||y0rusy50 ca
101 0 _arus
102 _aRU
105 _ay |||||||||
200 1 _aСвоеобразие пословиц и поговорок финно-угорских народов Поволжья и Приуралья
_e(К пробл. национального и интернационального)
_fМарийский НИИ яз., лит. и истории им. В.М. Васильева
210 _aЙошкар-Ола
_cМарНИИ
_d1989
215 _a176, [2] с.
_d20
320 _aБиблиогр.: с. 154-162
320 _aБиблиогр. в примеч.: с. 138-153
700 1 _aКитиков
_bА.Е.
_gАлександр Ефимович
801 0 _aRU
_bNLR
_gpsbo
801 1 _aRU
_bELAR
_2rusmarc
852 _aNLR
_j90-3/817
942 _cBOOK
980 _aNB